What Drives the Distributional Dynamics of Client Interest Rates on Consumer Loans in the Czech Republic?
Analýza determinantov distribučnej dynamiky klientskych sadzieb spotrebiteľských úverov v Českej republike v rokoch 2014 - 2019. Použitie mesačných údajov o spotrebiteľských úveroch a ich úrokových mierach z databázy ČNB pri analýzach. Stanovenie hypotéz a výsledky.
Na minha lista:
| Autor principal: | |
|---|---|
| Outros Autores: | |
| Formato: | Capítulo de Livro |
| Idioma: | inglês |
| Assuntos: | |
| Tags: |
Sem tags, seja o primeiro a adicionar uma tag!
|
MARC
| LEADER | 00000naa a2200000 4500 | ||
|---|---|---|---|
| 001 | 0257653 | ||
| 005 | 20190822132908.5 | ||
| 041 | 0 | |a eng | |
| 044 | |a CZ | ||
| 245 | 1 | 0 | |a What Drives the Distributional Dynamics of Client Interest Rates on Consumer Loans in the Czech Republic? |c Václav Brož, Michal Hlaváček |
| 520 | |a Analýza determinantov distribučnej dynamiky klientskych sadzieb spotrebiteľských úverov v Českej republike v rokoch 2014 - 2019. Použitie mesačných údajov o spotrebiteľských úveroch a ich úrokových mierach z databázy ČNB pri analýzach. Stanovenie hypotéz a výsledky. | ||
| 610 | 2 | 0 | |a úver spotrebiteľský |
| 610 | 2 | 0 | |a miera úroková |
| 610 | 2 | 0 | |a banky |
| 610 | 2 | 0 | |a Česko |
| 100 | 1 | |a Brož, Václav | |
| 700 | 1 | |a Hlaváček, Michal | |